Simposio sobre Apocalípsís / (Registro nro. 15447)

Detalles MARC
000 -LEADER
campo de control de longitud fija 05568cam a22007454i 4500
003 - IDENTIFICADOR DE NÚMERO DE CONTROL
campo de control PE-LiUPU
005 - FECHA Y HORA DE LA ÚLTIMA TRANSACCIÓN
campo de control 20250731172907.0
008 - DATOS DE LONGITUD FIJA--INFORMACIÓN GENERAL
campo de control de longitud fija 170202s2011 mx a r 001 0 spa d
020 ## - NÚMERO INTERNACIONAL ESTÁNDAR DEL LIBRO
Número Internacional Estándar del Libro 9781575548906
Información calificativa (volumen 1)
020 ## - NÚMERO INTERNACIONAL ESTÁNDAR DEL LIBRO
Número Internacional Estándar del Libro 9781575549750
Información calificativa (volumen 2)
020 ## - NÚMERO INTERNACIONAL ESTÁNDAR DEL LIBRO
Número Internacional Estándar del Libro 1575549751
Información calificativa (volumen 2)
035 ## - NÚMERO DE CONTROL DEL SISTEMA
Número de control de sistema (Sirsi) a166710
040 ## - FUENTE DE CATALOGACIÓN
Centro catalogador/agencia de origen PE-LiUPU
Lengua de catalogación spa
Centro/agencia transcriptor PE-LiUPU
Normas de descripción rda
041 1# - CÓDIGO DE IDIOMA
Código de lengua del texto/banda sonora o título independiente spa
Código de lengua original eng
049 ## - FONDOS LOCALES (OCLC)
Biblioteca depositaria PRUA
050 ## - SIGNATURA TOPOGRÁFICA DE LA BIBLIOTECA DEL CONGRESO
Número de clasificación BS1556
Número de ítem .C53 2011
082 04 - NÚMERO DE LA CLASIFICACIÓN DECIMAL DEWEY
Número de clasificación 286
Cutter S56
Número de edición 23
082 04 - NÚMERO DE LA CLASIFICACIÓN DECIMAL DEWEY
Número de clasificación 286.73205
Cutter CA
Número de edición 21
245 00 - MENCIÓN DEL TÍTULO
Título Simposio sobre Apocalípsís /
Mención de responsabilidad, etc. Frank B. Holbrook, editor.
250 ## - MENCION DE EDICION
Mención de edición Primera edición.
264 #1 - PRODUCCIÓN, PUBLICACIÓN, DISTRIBUCIÓN, FABRICACIÓN Y COPYRIGHT
Producción, publicación, distribución, fabricación y copyright México, D.F. :
Nombre del de productor, editor, distribuidor, fabricante GEMA Editores,
Fecha de producción, publicación, distribución, fabricación o copyright 2011.
300 ## - DESCRIPCIÓN FÍSICA
Extensión xx, 575 páginas ;
Dimensiones 24 centímetros.
336 ## - TIPO DE CONTENIDO
Término de tipo de contenido text
Fuente rdacontent
337 ## - TIPO DE MEDIO
Nombre/término del tipo de medio unmediated
Fuente rdamedia
338 ## - TIPO DE SOPORTE
Nombre/término del tipo de soporte volume
Fuente rdacarrier
490 0# - MENCIÓN DE SERIE
Mención de serie Clásicos del Adventismo ;
Designación de volumen o secuencia 6
504 ## - NOTA DE BIBLIOGRAFÍA, ETC.
Nota de bibliografía, etc. Índice : páginas 559-566.
505 0# - NOTA DE CONTENIDO CON FORMATO
Información miscelánea Tomo 1,
Nota de contenido con formato Estudios introductorios -- Principios fundamentales de interpretación -- Las ocho visiones básicas -- Escenas de "introducción victoriosa" -- Interpretación del simbolismo del Apocalipsis -- Tipología del santuario -- Relaciones entre Daniel y el Apocalipsis -- Tipología del santuario -- El uso de Daniel y el Apocalipsis en los escritos de Elena G. de White -- El uso de los escritos de Elena G. de White por parte del intérprete -- Estudios exegéticos -- Cuestione del Apocalipsis: Informe del CDA -- Sellos y trompetas: debates actuales -- Los siete sellos -- Los santos sellados y la tribulación -- El ángel fuerte y su mensaje -- Las profecías cronológicas de Daniel 12 y Apocalipsis 12-13.
505 0# - NOTA DE CONTENIDO CON FORMATO
Información miscelánea Tomo 2,
Nota de contenido con formato Estudio exegéticos -- La victoria escatológica de los santos sobre las fuerzas del mal -- La marca de la bestia -- Aproximación contextual a las siete plagas postreras -- Babilonia, imperio anticristiano -- ¿Representan las siete cabezas emperadores romanos? -- Las dos cenas -- El milenio -- La nueva Jerusalén, ciudad santa -- Santuario y juicio -- La iglesia remanente y el espíritu de profecía -- El papado moderno: alegatos y autoridad -- Armagedón: plagas sexta y sétima -- Himnos sabáticos para el santuario celestial -- Cristo, hijo del hombre y el cordero.
526 ## - NOTA DE INFORMACIÓN SOBRE EL PROGRAMA DE ESTUDIO
Nombre del programa Segunda Especialidad En Profecías Bíblicas
526 ## - NOTA DE INFORMACIÓN SOBRE EL PROGRAMA DE ESTUDIO
Nombre del programa Segunda Especialidad En Nuevo Testamento
526 ## - NOTA DE INFORMACIÓN SOBRE EL PROGRAMA DE ESTUDIO
Nombre del programa Segunda Especialidad En Antiguo Testamento
526 ## - NOTA DE INFORMACIÓN SOBRE EL PROGRAMA DE ESTUDIO
Nombre del programa Segunda Especialidad En Estudios Adventistas
526 ## - NOTA DE INFORMACIÓN SOBRE EL PROGRAMA DE ESTUDIO
Nombre del programa Doctorado en teología
526 ## - NOTA DE INFORMACIÓN SOBRE EL PROGRAMA DE ESTUDIO
Nombre del programa Maestría en teología histórica
526 ## - NOTA DE INFORMACIÓN SOBRE EL PROGRAMA DE ESTUDIO
Nombre del programa Maestría en teología bíblica
526 ## - NOTA DE INFORMACIÓN SOBRE EL PROGRAMA DE ESTUDIO
Nombre del programa Maestría en teología
526 ## - NOTA DE INFORMACIÓN SOBRE EL PROGRAMA DE ESTUDIO
Nombre del programa Maestría en misionología
526 ## - NOTA DE INFORMACIÓN SOBRE EL PROGRAMA DE ESTUDIO
Nombre del programa Maestría en liderazgo eclesiástico
526 ## - NOTA DE INFORMACIÓN SOBRE EL PROGRAMA DE ESTUDIO
Nombre del programa Teología
534 ## - NOTA SOBRE LA VERSIÓN ORIGINAL
Frase introductoria Título Original :
Mención de título del original Symposium on revelation.
596 ## -
-- 1 4
630 04 - PUNTO DE ACCESO ADICIONAL DE MATERIA--TÍTULO UNIFORME
Título uniforme Biblia.
Nombre de parte o sección de la obra N.T.
-- Apocalípsis
Subdivisión de forma Crítica, interpretación, etc.
700 1# - ENTRADA AGREGADA--NOMBRE PERSONAL
Nombre de persona Holbrook, Frank B.,
Término indicativo de función/relación editor.
942 ## - ELEMENTOS DE ENTRADA SECUNDARIOS (KOHA)
Fuente del sistema de clasificación o colocación Clasificación Decimal Dewey
Tipo de ítem Koha
994 ## -
-- C0
-- PEPRU
999 ## - NÚMEROS DE CONTROL DE SISTEMA (KOHA)
-- DEWEY
-- 75309
-- 2019-6-9
-- 2021-11-11
-- 6
-- CCODEBUL1
-- BUL
-- 15
-- 22.62
-- 10
-- 0
-- Y
-- BOOK
-- 2017-2-2
-- TEOLOGIA
-- P35
-- COMPRA
-- .STAFF. Colección Teología
999 ## - NÚMEROS DE CONTROL DE SISTEMA (KOHA)
-- DEWEY
-- 75669
-- 2019-5-19
-- 2021-11-11
-- 6
-- CCODEBUL1
-- BUL
-- 5
-- 22.62
-- 8
-- 0
-- Y
-- BOOK
-- 2017-2-3
-- TEOLOGIA
-- P35
-- COMPRA
-- .STAFF. Colección Teología
999 ## - NÚMEROS DE CONTROL DE SISTEMA (KOHA)
-- DEWEY
-- 75670
-- 2018-5-22
-- 2021-11-11
-- 6
-- CCODEBUL1
-- BUL
-- 10
-- 22.62
-- 10
-- 0
-- Y
-- BOOK
-- 2017-2-3
-- TEOLOGIA
-- P35
-- COMPRA
-- .STAFF. Colección Teología
999 ## - NÚMEROS DE CONTROL DE SISTEMA (KOHA)
-- DEWEY
-- 75396
-- 2022-6-27
-- 2021-11-11
-- 5
-- CCODEBUL1
-- BUL
-- 15
-- 22.62
-- 11
-- 0
-- Y
-- BOOK
-- 2017-2-3
-- TEOLOGIA
-- P35
-- COMPRA
-- .STAFF. Colección Teología
999 ## - NÚMEROS DE CONTROL DE SISTEMA (KOHA)
-- DEWEY
-- 75397
-- 2018-11-12
-- 2021-11-11
-- 5
-- CCODEBUL1
-- BUL
-- 2
-- 22.62
-- 3
-- 0
-- Y
-- BOOK
-- 2017-2-3
-- TEOLOGIA
-- P35
-- COMPRA
-- .STAFF. Colección Teología
999 ## - NÚMEROS DE CONTROL DE SISTEMA (KOHA)
-- DEWEY
-- 75398
-- 2017-4-28
-- 2021-11-11
-- 5
-- CCODEBUL1
-- BUL
-- 1
-- 22.62
-- 12
-- 0
-- Y
-- BOOK
-- 2017-2-3
-- TEOLOGIA
-- P35
-- COMPRA
-- .STAFF. Colección Teología
999 ## - NÚMEROS DE CONTROL DE SISTEMA (KOHA)
-- DEWEY
-- CW00307
-- 2021-12-22
-- 2
-- CCODECWL1
-- BWL
-- 1
-- Y
-- BOOK
-- 2017-3-28
-- WHITE
-- UNKNOWN
-- COMPRA
-- .STAFF. Centro White
999 ## - NÚMEROS DE CONTROL DE SISTEMA (KOHA)
-- DEWEY
-- CW00305
-- 2021-12-22
-- 2
-- CCODECWL1
-- BWL
-- 1
-- Y
-- BOOK
-- 2017-3-28
-- WHITE
-- UNKNOWN
-- COMPRA
-- .STAFF. Centro White
999 ## - NÚMEROS DE CONTROL DE SISTEMA (KOHA)
-- DEWEY
-- CW00304
-- CRAI-HOUSE
-- BWL
-- 1
-- Y
-- BOOK
-- 2017-3-28
-- WHITE
-- UNKNOWN
-- COMPRA
-- .STAFF. Centro White
999 ## - NÚMEROS DE CONTROL DE SISTEMA (KOHA)
-- DEWEY
-- CW00306
-- 2021-12-22
-- 2
-- CCODECWL1
-- BWL
-- 1
-- Y
-- BOOK
-- 2017-3-28
-- WHITE
-- UNKNOWN
-- COMPRA
-- .STAFF. Centro White
999 ## - NÚMEROS DE CONTROL DE SISTEMA (KOHA)
-- LCPER
-- CW00301
-- 2021-12-22
-- 2
-- CCODECWL1
-- BWL
-- 30.00
-- 1
-- Y
-- BOOK
-- 2017-3-28
-- WHITE
-- UNKNOWN
-- COMPRA
-- .STAFF. Centro White
999 ## - NÚMEROS DE CONTROL DE SISTEMA (KOHA)
-- LCPER
-- CW00300
-- 2021-12-22
-- 2
-- CCODECWL1
-- BWL
-- 1
-- Y
-- BOOK
-- 2017-3-28
-- WHITE
-- UNKNOWN
-- COMPRA
-- .STAFF. Centro White
999 ## - NÚMEROS DE CONTROL DE SISTEMA (KOHA)
-- LCPER
-- CW00303
-- CRAI-HOUSE
-- BWL
-- 1
-- Y
-- BOOK
-- 2017-3-28
-- WHITE
-- UNKNOWN
-- COMPRA
-- .STAFF. Centro White
999 ## - NÚMEROS DE CONTROL DE SISTEMA (KOHA)
-- LCPER
-- CW00302
-- 2021-12-22
-- 2
-- CCODECWL1
-- BWL
-- 1
-- Y
-- BOOK
-- 2017-3-28
-- WHITE
-- UNKNOWN
-- COMPRA
-- .STAFF. Centro White
999 ## - NÚMEROS DE CONTROL DE SISTEMA (KOHA)
-- LCPER
-- CW00016
-- CRAI-HOUSE
-- BWL
-- 1
-- Y
-- BOOK
-- 2017-3-28
-- WHITE
-- UNKNOWN
-- COMPRA
-- .STAFF. Centro White
980 ## - EQUIVALENCIA O REFERENCIA-CRUZADA-MENCIÓN DE SERIE--NOMBRE DE PERSONA/TÍTULO [LOCAL, CANADÁ]
ID del último usuario que modificó el registro 1
Nombre del último usuario que modificó el registro ALBERTO SANCHEZ Responsable de Automatización
Existencias
Visto por última vez Número de inventario Total de préstamos Signatura topográfica completa Código de barras Fecha del último préstamo Copia número Coste, precio de reemplazo Fecha de reemplazo Facultad Tipo de ítem Koha Nota pública Estado de pérdida Fuente del sistema de clasificación o colocación Restricciones de uso No para préstamo Colección Programa académico Biblioteca de origen Biblioteca actual Ubicación en estantería Fecha de adquisición Fuente de adquisición Coste, precio normal de compra
2026-04-07 7 16 286 S56 2 75309 2024-09-04 e1 27.62 2017-02-02   Libros físicos inventario-2023-12-13 No Perdido Clasificación Decimal Dewey No restringido Disponible para préstamos Colección General Teología Biblioteca CRAI UPeU Lima Biblioteca CRAI UPeU Lima Sala principal 2017-02-02 COMPRA 22.62
2025-12-02 7 6 286 S56 2 75669 2024-06-21 e2 27.62 2017-02-03   Libros físicos inventario-2023-12-13 No Perdido Clasificación Decimal Dewey No restringido Disponible para préstamos Colección General Teología Biblioteca CRAI UPeU Lima Biblioteca CRAI UPeU Lima Sala principal 2017-02-03 COMPRA 22.62
2025-12-02 7 10 286 S56 2 75670 2018-05-22 e3 27.62 2017-02-03   Libros físicos inventario-2023-12-13 No Perdido Clasificación Decimal Dewey No restringido Disponible para préstamos Colección General Teología Biblioteca CRAI UPeU Lima Biblioteca CRAI UPeU Lima Sala principal 2017-02-03 COMPRA 22.62
2026-04-07 6 15 286 S56 1 75396 2022-06-27 e1 27.62 2017-02-03   Libros físicos inventario-2023-12-13 No Perdido Clasificación Decimal Dewey No restringido Disponible para préstamos Colección General Teología Biblioteca CRAI UPeU Lima Biblioteca CRAI UPeU Lima Sala principal 2017-02-03 COMPRA 22.62
2025-12-02 6 3 286 S56 1 75397 2024-09-04 e2 27.62 2017-02-03   Libros físicos inventario-2023-12-13 No Perdido Clasificación Decimal Dewey No restringido Disponible para préstamos Colección General Teología Biblioteca CRAI UPeU Lima Biblioteca CRAI UPeU Lima Sala principal 2017-02-03 COMPRA 22.62
2025-12-02 6 2 286 S56 1 75398 2024-06-21 e3 27.62 2017-02-03   Libros físicos inventario-2023-12-13 No Perdido Clasificación Decimal Dewey No restringido Disponible para préstamos Colección General Teología Biblioteca CRAI UPeU Lima Biblioteca CRAI UPeU Lima Sala principal 2017-02-03 COMPRA 22.62